<?xml version="1.0" encoding="UTF-8"?>
<collection xmlns="http://www.loc.gov/MARC21/slim">
 <record>
  <leader>01658nam a2200373   4500</leader>
  <controlfield tag="001">000007397</controlfield>
  <controlfield tag="003">3558</controlfield>
  <controlfield tag="005">20111003091037.0</controlfield>
  <controlfield tag="008">111003s1985                        viesd</controlfield>
  <datafield tag="020" ind1=" " ind2=" ">
   <subfield code="c">10000đ</subfield>
  </datafield>
  <datafield tag="041" ind1="0" ind2=" ">
   <subfield code="a">vie</subfield>
  </datafield>
  <datafield tag="082" ind1=" " ind2=" ">
   <subfield code="a">342.597</subfield>
   <subfield code="b">Viê</subfield>
  </datafield>
  <datafield tag="110" ind1=" " ind2=" ">
   <subfield code="a">Viện Luật Học</subfield>
  </datafield>
  <datafield tag="245" ind1="1" ind2="0">
   <subfield code="a">Hiến pháp nước Cộng hoà xã hội chủ nghĩa Việt Nam</subfield>
   <subfield code="b">Hiến pháp nước Cộng hoà xã hội chủ nghĩa Việt Nam</subfield>
   <subfield code="c">Viện Luật Học ; Nguyễn Ngọc Minh ch.b</subfield>
   <subfield code="n">T. 2</subfield>
  </datafield>
  <datafield tag="260" ind1=" " ind2=" ">
   <subfield code="a">H.</subfield>
   <subfield code="b">Khoa học xã hội</subfield>
   <subfield code="c">1985</subfield>
  </datafield>
  <datafield tag="300" ind1=" " ind2=" ">
   <subfield code="a">462 tr</subfield>
   <subfield code="c">24 cm</subfield>
  </datafield>
  <datafield tag="500" ind1=" " ind2=" ">
   <subfield code="a">ĐTTS ghi: Uỷ bản khoa học xã hội Việt Nam. Viện luật học</subfield>
  </datafield>
  <datafield tag="520" ind1=" " ind2=" ">
   <subfield code="a">Bình luận về những vấn đề trong quá trình đổi mới và lịch sử lập hiến của Việt Nam về cơ cấu bộ máy Nhà nước, toà án nhân dân và viện kiểm sát, hiệu lực pháp lý của hiến pháp mới năm 1980</subfield>
  </datafield>
  <datafield tag="653" ind1=" " ind2=" ">
   <subfield code="a">Hiến pháp</subfield>
  </datafield>
  <datafield tag="653" ind1=" " ind2=" ">
   <subfield code="a">Việt Nam</subfield>
  </datafield>
  <datafield tag="653" ind1=" " ind2=" ">
   <subfield code="a">bình luận</subfield>
  </datafield>
  <datafield tag="700" ind1=" " ind2=" ">
   <subfield code="a">Nguyễn Ngọc Minh</subfield>
  </datafield>
  <datafield tag="773" ind1=" " ind2=" ">
   <subfield code="t">Hiến pháp nước Cộng hoà xã hội chủ nghĩa Việt Nam</subfield>
   <subfield code="w">3557</subfield>
  </datafield>
  <datafield tag="910" ind1=" " ind2=" ">
   <subfield code="a">Nguyễn Thị Kim Oanh</subfield>
   <subfield code="d">03/10/2011</subfield>
  </datafield>
  <datafield tag="OWN" ind1=" " ind2=" ">
   <subfield code="a">LSP</subfield>
  </datafield>
  <datafield tag="AVA" ind1=" " ind2=" ">
   <subfield code="a">UDN50</subfield>
   <subfield code="b">LSP</subfield>
   <subfield code="d">342.597 Viê</subfield>
   <subfield code="e">unavailable</subfield>
   <subfield code="t">Error 5002 Not defined in file expand_doc_bib_avail.</subfield>
   <subfield code="f">1</subfield>
   <subfield code="g">1</subfield>
   <subfield code="h">N</subfield>
   <subfield code="i">0</subfield>
   <subfield code="k">1</subfield>
  </datafield>
  <datafield tag="999" ind1=" " ind2=" ">
   <subfield code="a">From the UDN01</subfield>
  </datafield>
  <datafield tag="AVA" ind1=" " ind2=" ">
   <subfield code="a">UDN50</subfield>
   <subfield code="b">LSP</subfield>
   <subfield code="d">342.597 Viê</subfield>
   <subfield code="e">unavailable</subfield>
   <subfield code="t">Error 5002 Not defined in file expand_doc_bib_avail.</subfield>
   <subfield code="f">1</subfield>
   <subfield code="g">1</subfield>
   <subfield code="h">N</subfield>
   <subfield code="i">0</subfield>
   <subfield code="k">1</subfield>
  </datafield>
  <datafield tag="TYP" ind1=" " ind2=" ">
   <subfield code="a">Monograph</subfield>
  </datafield>
  <datafield tag="TYP" ind1=" " ind2=" ">
   <subfield code="a">Printed language</subfield>
  </datafield>
  <datafield tag="980" ind1=" " ind2=" ">
   <subfield code="a">Mạng thư viện Đại học Đà Nẵng</subfield>
  </datafield>
 </record>
</collection>
